Cinco farsas breves: seguidas de así que pasen cinco años

Saved in:
書目詳細資料
主要作者: García Lorca, Federico (autor)
格式: 圖書
語言:西班牙语
出版: Buenos Aires Losada 1960
版:2a. ed
叢編:Biblioteca Contemporanéa
主題:
標簽: 添加標簽
沒有標簽, 成為第一個標記此記錄!

MARC

LEADER 00000nam a2200000 a 4500
001 UCU0765
003 CL-VaPUC
008 960329e19600000AG |||||||||||||||||spa|d
082 0 4 |a 862  |b GAR  |2 21 
100 |a García Lorca, Federico   |e autor   |9 315690 
245 1 0 |a Cinco farsas breves: seguidas de así que pasen cinco años 
250 |a 2a. ed 
300 |a 206 p 
942 |c BK 
945 |d 19960329 00:00:00  |a rbrito 
260 |a Buenos Aires  |b Losada  |c 1960 
650 0 |a Dramas españoles  |9 267081 
583 |a last modification  |c 19960329 00:00:00  |k Rodrigo Vera 
490 0 |a Biblioteca Contemporanéa 
999 |c 245575  |d 245573 
952 |0 0  |1 0  |4 0  |6 862_000000000000000_GAR_1960  |7 0  |8 A  |9 260120  |a BIBEDU  |b BIBEDU  |d 2019-11-19  |i 3186628  |o 862 GAR 1960  |p 3186628  |r 2019-11-19  |w 2019-11-19  |y BK  |k LIT